<?xml version="1.0" encoding="UTF-8"?>
<collection xmlns="http://www.loc.gov/MARC21/slim">
 <record>
  <leader>01466nam a2200193Ia 4500</leader>
  <controlfield tag="001">CTU_112809</controlfield>
  <controlfield tag="008">210402s9999    xx            000 0 und d</controlfield>
  <datafield tag="020" ind1=" " ind2=" ">
   <subfield code="c">19000</subfield>
  </datafield>
  <datafield tag="082" ind1=" " ind2=" ">
   <subfield code="a">620.110287</subfield>
  </datafield>
  <datafield tag="082" ind1=" " ind2=" ">
   <subfield code="b">Gi108</subfield>
  </datafield>
  <datafield tag="245" ind1=" " ind2="0">
   <subfield code="a">Giáo trình thí nghiệm vật liệu xây dựng</subfield>
  </datafield>
  <datafield tag="245" ind1=" " ind2="0">
   <subfield code="c">Nguyễn Cao Đức , ...[et al.]</subfield>
  </datafield>
  <datafield tag="260" ind1=" " ind2=" ">
   <subfield code="a">Hà Nội</subfield>
  </datafield>
  <datafield tag="260" ind1=" " ind2=" ">
   <subfield code="b">Xây Dựng</subfield>
  </datafield>
  <datafield tag="260" ind1=" " ind2=" ">
   <subfield code="c">2006</subfield>
  </datafield>
  <datafield tag="520" ind1=" " ind2=" ">
   <subfield code="a">Nội dung sách trình bày các khái niệm, phương pháp thử, dụng cụ và thiết bị, trình tự tiến hành thí nghiệm, cách ghi chép và tính toán kết quả v.v. của tất cả những chỉ tiêu kĩ thuật quan trọng của mỗi loại vật liệu xây dựng igúp cho người đọc có thể tiến hành các thí nghiệm kiểm tra chất lượng các vật liệu xây dựng chủ yếu theo đúng những quy định của Nhà nước. Ngoài ra giáo trình còn giới thiệu thêm một số phương pháp thí nghiệm được phép áp dụng thay thế phương pháp chuẩn trong những điều kiện nhất định, tháo gỡ khó khăn cho những cơ sở thí nghiệm còn hạn chế về thiết bị.</subfield>
  </datafield>
  <datafield tag="650" ind1=" " ind2=" ">
   <subfield code="a">Construction materials</subfield>
  </datafield>
  <datafield tag="904" ind1=" " ind2=" ">
   <subfield code="i">Giang</subfield>
  </datafield>
  <datafield tag="980" ind1=" " ind2=" ">
   <subfield code="a">Trung tâm Học liệu Trường Đại học Cần Thơ</subfield>
  </datafield>
 </record>
</collection>
